000 01379nam0a2200373 i 4500
001 RU\NLR\BIBL_A\012235652
005 20241103203108.0
010 _a9785941621569
_9500
021 _aRU
_b2020-3948
_9КН-П-294
035 _a(RuMoRGB)010261941
035 _a(NLR Aleph) 012235652
090 _a11007931
_c11007931
100 _a20200303d2019 u y0rusy50 ca
101 0 _arus
102 _aRU
105 _aa|||z|||000ay
181 0 _ai
_baxxe
182 0 _an
200 1 _aВстречи под смоковницей, или 33 новеллы о Христе
_fИрина Антонова
203 _aТекст
_bвизуальный
_cнепосредственный
210 _aОренбург
_cЮжный Урал
_d2019
215 _a201 с.
_cцв. ил.
_d21
517 1 _aТридцать три новеллы о Христе
605 _aБиблия
_iНовый Завет
_xПопулярное изложение
_92523346
_3RU\NLR\AUTH\661495112
686 2 _aЭ37-220.19
686 2 _aШ6(2=Р)8-440.6
700 1 _aАнтонова
_bИ. В.
_cпоэт, педагог
_gИрина Витальевна
_9138227
_3RU\NLR\AUTH\770138262
942 _cBOOK
980 _aNBR